000 00508nam a2200181Ia 4500
008 240729s9999 xx 000 0 und d
022 _a2597-4017
245 0 _aJema: Jurnal Ilmiah Bidang Akuntansi dan Manajemen
260 _aIndonesia
260 _bUniversitas Islam Malang
650 _a Business | Social Sciences
650 _a Commerce
650 _a Finance
650 _aSocial Sciences
856 _uhttps://doaj.org/toc/3e0b696dafd0446da1dbbc0cb94f2f2d
942 _2ddc
942 _cDOAJEJ
999 _c68086
_d68086
945 _a1
_bMadushi Gamage
_c1
_dMadushi Gamage